Inspirit - Nghệ thuật truyền cảm hứng : 12 chiến lược để thuyết trình hiệu quả

Đưa ra một phương pháp luận giúp các doanh nhân chuẩn bị và truyền tải thành công bài thuyết trình huy động vốn nhiều rủi ro tới những khách hàng mục tiêu của mình, đồng thời cung cấp những kiến thức có tính ứng dụng cao, thiết thực đối...

Celý popis

Uloženo v:
Podrobná bibliografie
Hlavní autor: Loh, Bẹnamin
Další autoři: Đức Thái (Dịch)
Médium: Kniha
Jazyk:Vietnamese
Vydáno: H. Thanh niên 2018
Témata:
Tagy: Přidat tag
Žádné tagy, Buďte první, kdo otaguje tento záznam!
Thư viện lưu trữ: Thư viện Trường Đại học Nam Cần Thơ
LEADER 02003nam a22002537a 4500
001 NCT_4_016788
008 250121b xxu||||| |||| 00| 0 vie d
999 |c 8804  |d 8804 
020 |a 9786049732461  |c 82000 
082 0 4 |2 23rd ed.  |a 658.452  |b L833 
100 1 |a Loh, Bẹnamin 
245 1 0 |a Inspirit - Nghệ thuật truyền cảm hứng  |b : 12 chiến lược để thuyết trình hiệu quả  |c Benjamin Loh ; Đức Thái (dịch) 
260 |a H.  |b Thanh niên  |c 2018 
300 |a 259 tr.  |c Minh họa  |b 21cm  
520 3 |a Đưa ra một phương pháp luận giúp các doanh nhân chuẩn bị và truyền tải thành công bài thuyết trình huy động vốn nhiều rủi ro tới những khách hàng mục tiêu của mình, đồng thời cung cấp những kiến thức có tính ứng dụng cao, thiết thực đối với các doanh nhân, những người đang chuẩn bị cho bài diễn thuyết trước công chúng của mình. 
653 |a Truyền thông đa phương tiện 
700 1 |a Đức Thái  |e Dịch 
942 |2 ddc  |c BK 
952 |0 0  |1 0  |2 ddc  |4 0  |6 658_452000000000000_L833  |7 0  |9 30280  |a 000001  |b 000001  |d 2025-01-21  |o 658.452 L833  |p MD.23299  |r 2025-01-21  |v 82000.00  |w 2025-01-21  |y BK 
952 |0 0  |1 0  |2 ddc  |4 0  |6 658_452000000000000_L833  |7 0  |9 30281  |a 000001  |b 000001  |d 2025-01-21  |o 658.452 L833  |p MD.23300  |r 2025-01-21  |v 82000.00  |w 2025-01-21  |y BK 
952 |0 0  |1 0  |2 ddc  |4 0  |6 658_452000000000000_L833  |7 0  |9 30282  |a 000001  |b 000001  |d 2025-01-21  |o 658.452 L833  |p MD.23331  |r 2025-01-21  |v 82000.00  |w 2025-01-21  |y BK 
952 |0 0  |1 0  |2 ddc  |4 0  |6 658_452000000000000_L833  |7 0  |9 30283  |a 000001  |b 000001  |d 2025-01-21  |o 658.452 L833  |p MD.23332  |r 2025-01-21  |v 82000.00  |w 2025-01-21  |y BK 
952 |0 0  |1 0  |2 ddc  |4 0  |6 658_452000000000000_L833  |7 0  |9 30284  |a 000001  |b 000001  |d 2025-01-21  |o 658.452 L833  |p MD.23333  |r 2025-01-21  |v 82000.00  |w 2025-01-21  |y BK 
980 |a Thư viện Trường Đại học Nam Cần Thơ